Определение термодинамических величин (NH4 )2 SiF6 и (NH4 )2 TiF6 методом ДСК; Химия и химическая технология в XXI веке; Т. 1

Podrobná bibliografie
Parent link:Химия и химическая технология в XXI веке: материалы XXIII Международной научно-практической конференции студентов и молодых ученых имени выдающихся химиков Л. П. Кулёва и Н. М. Кижнера, Томск, 16-19 мая 2022 г./ Национальный исследовательский Томский политехнический университет (ТПУ); Инженерная школа природных ресурсов; Инженерная школа новых производственных технологий; Исследовательская школа химических и биомедицинских технологий..— , 2022
Т. 1.— 2022.— [С. 177-178]
Hlavní autor: Хрусталева А. А.
Korporativní autor: Национальный исследовательский Томский политехнический университет Инженерная школа ядерных технологий Отделение ядерно-топливного цикла
Další autoři: Кантаев А. С. Александр Сергеевич (научный руководитель)
Shrnutí:Заглавие с титульного экрана
Jazyk:ruština
Vydáno: 2022
Edice:Химия и химическая технология неорганических веществ и материалов
Témata:
On-line přístup:http://earchive.tpu.ru/handle/11683/72391
Médium: MixedMaterials Elektronický zdroj Kapitola
KOHA link:https://koha.lib.tpu.ru/cgi-bin/koha/opac-detail.pl?biblionumber=634292

MARC

LEADER 00000naa2a2200000 4500
001 634292
005 20231226123634.0
035 |a (RuTPU)RU\TPU\conf\36077 
035 |a RU\TPU\conf\36076 
090 |a 634292 
100 |a 20220524d2022 k y0rusy50 ca 
101 0 |a rus 
102 |a RU 
105 |a y z 101zy 
135 |a drgn ---uucaa 
181 0 |a i  
182 0 |a b 
200 1 |a Определение термодинамических величин (NH4 )2 SiF6 и (NH4 )2 TiF6 методом ДСК  |f А. А. Хрусталева  |g науч. рук. А. С. Кантаев 
203 |a Текст  |c электронный 
225 1 |a Химия и химическая технология неорганических веществ и материалов 
300 |a Заглавие с титульного экрана 
320 |a [Библиогр.: с. 178 (1 назв.)] 
461 1 |0 (RuTPU)RU\TPU\conf\36040  |t Химия и химическая технология в XXI веке  |o материалы XXIII Международной научно-практической конференции студентов и молодых ученых имени выдающихся химиков Л. П. Кулёва и Н. М. Кижнера, Томск, 16-19 мая 2022 г.  |o в 2 т.  |f Национальный исследовательский Томский политехнический университет (ТПУ); Инженерная школа природных ресурсов; Инженерная школа новых производственных технологий; Исследовательская школа химических и биомедицинских технологий.  |d 2022 
463 1 |0 (RuTPU)RU\TPU\conf\36041  |t Т. 1  |v [С. 177-178]  |d 2022 
610 1 |a труды учёных ТПУ 
610 1 |a электронный ресурс 
610 1 |a термодинамические величины 
610 1 |a дифференциально-сканирующая калориметрия 
610 1 |a теплоемкость 
610 1 |a энтальпия 
610 1 |a очистка 
700 1 |a Хрусталева  |b А. А. 
702 1 |a Кантаев  |b А. С.  |c химик-технолог  |c доцент Томского политехнического университета, кандидат наук  |f 1981-  |g Александр Сергеевич  |4 727  |9 12916 
712 0 2 |a Национальный исследовательский Томский политехнический университет  |b Инженерная школа ядерных технологий  |b Отделение ядерно-топливного цикла  |3 (RuTPU)RU\TPU\col\23554 
801 2 |a RU  |b 63413507  |c 20220623  |g RCR 
856 4 |u http://earchive.tpu.ru/handle/11683/72391 
942 |c BK